Normal view
MARC view
Entry Personal Name
001 - CONTROL NUMBER
- control field: 3568
003 - CONTROL NUMBER IDENTIFIER
- control field: OSt
005 - DATE AND TIME OF LATEST TRANSACTION
- control field: 20211028141549.0
008 - FIXED-LENGTH DATA ELEMENTS
- fixed length control field: 211028|| aca||aabn | a|a d
040 ## - CATALOGING SOURCE
- Original cataloging agency: OSt
- Transcribing agency: OSt
100 ## - HEADING--PERSONAL NAME
- Personal name: Tharakan, Vimala; Vijayakumar, Suchetha.
- Miscellaneous information: 81788
670 ## - SOURCE DATA FOUND
- Source citation: Work cat.: (OSt): Tharakan, Vimala; Vijayakumar, Suchetha. 81788, Comprehensive asset explorer., 2011